On This Day: March 12th II Quiz Stats

 Plays Quiz Updated Feb 26, 2019

Score 0/7 Timer 03:00
0 Plays Today
Question Answer Wrong Answers
This financier admits to turning his wealth management business into a massive Ponzi scheme, scamming investors out of billions of dollars.
2009
Bernard Madoff
87.1%
Martin Shkreli
2.7%
Jordan Belfort
4.9%
Frank Abagnale
3.5%
The Truman Doctrine to help stem the spread of ______ is first announced.
1947
Communism
87.1%
Crime
2.2%
Drugs
2.6%
Poverty
6.8%
This American author and poet, a pioneer of the Beat Generation known for his novel ‘On the Road’, is born.
1922
Jack Kerouac
80.5%
William S. Burroughs
3.8%
Allen Ginsberg
4.7%
John Steinbeck
10.4%
The future capital of Australia is officially named this, an event commemorated today as a public holiday.
1913
Canberra
77.6%
Sydney
12.5%
Melbourne
6.9%
Perth
3%
Zoran Đinđić, Prime Minister of ______, is assassinated in Belgrade.
2003
Serbia
65.1%
Croatia
17.4%
North Macedonia
5.9%
Slovenia
9.9%
German troops, welcomed by cheers and Nazi salutes, enter and occupy this country.
1938
Austria
54.4%
Poland
35.2%
Belgium
2.4%
France
7%
This island nation in the Indian Ocean gains independence from the United Kingdom.
1968
Mauritius
48.3%
São Tomé and Príncipe
8.7%
Cabo Verde
4.3%
Madagascar
37.1%

You're not logged in!

Compare scores with friends on all Sporcle quizzes.
OR
Log In

Sporcle TV

Today on Sporcle TV


Watch our educational content, quiz creation guides, and fun videos on Sporcle TV.

Show Comments

Extras

Top Quizzes Today


Score Distribution

Your Account Isn't Verified!

In order to create a playlist on Sporcle, you need to verify the email address you used during registration. Go to your Sporcle Settings to finish the process.

Report this User

Report this user for behavior that violates our Community Guidelines.

Details: